000 00690nam a2200265Ia 4500
005 20260302115509.0
008 008 260114s9999 xx 000 0 eng d
020 _a9781350046498
037 _aTextbook
040 _aCRL
040 _beng
040 _cCRL
041 _2eng
041 _aeng
084 _qCRL
100 _aDick McCaw
_91121810
245 0 _aRethinking the Actor's Body Dialogues with Neuroscience
260 _bBloomsbury
260 _bMethuen Drama
260 _c2020
650 _aLiterary Studies
856 _uhttps://dx.doi.org/10.5040/9781350046498?locatt=label:secondary_bloomsburyCollections
942 _cEBOOK
999 _c1686422
_d1686422